Principios de derecho constitucional : tomo primero : garantías individuales /

Guardado en:
Bibliografiske detaljer
Hovedforfatter: Espinosa, Gonzalo (autor)
Andre forfattere: Galván Rivera, Flavio (prólogo) (prólogo)
Format: Bog
Sprog:spansk
Udgivet: México : Tribunal Electoral del Poder Judicial de la Federación, 2006, c2006
Fag:
Tags: Tilføj Tag
Ingen Tags, Vær først til at tagge denne postø!

MARC

LEADER 00000nam^a2200000^a^4500
001 000318755
005 20250521000000.0
009 20260310113422.692
020 |a 970-671-244-5 
037 |a Acervo ITESO - Biblioteca 
041 |a ESP 
082 |a 342. 72085  |b ESP 
100 |a Espinosa, Gonzalo  |e (autor) 
245 1 0 |a Principios de derecho constitucional :  |b tomo primero : garantías individuales /  |c G. Espinosa ; pról. de F. Galván Rivera. 
264 4 |a México :  |b Tribunal Electoral del Poder Judicial de la Federación,  |c 2006, c2006 
300 |a XXXII, 510 p. 
336 |a texto  |b txt  |2 rdacontenido 
337 |a sin mediación  |b n  |2 rdamedio 
338 |a volumen  |b nc  |2 rdasoporte 
534 |a Reproducción facsimilar de la edición original de 1905, publicada por Tip. José del Rivero, Sucesor, en México 
649 |a XX 
650 |a Garantías Individuales -  |z México -  |x Tema Principal 
650 |a Derecho Constitucional -  |z México 
650 |a Derecho Público -  |z México 
700 |a Galván Rivera, Flavio  |e (prólogo) 
910 |a Fondo General 
920 |a Impresos - Libros 
930 |a Colección General 
905 |a 101 
901 |a 0500205972  |b IT1  |c ACC  |i D57638  |u 20250521 
902 |a https://opac.biblio.iteso.mx/vufind/Record/000318755